000 00797cab a2200265 4500
001 ABS49675
008 090401t1993 xxu||||| |||| 00| 0 eng d
035 _a(Sirsi) u72283
041 _aeng
100 _aCulshaw, S.T.
245 _aMarine space and surveyor
260 _c1993
350 _a0
490 _aCS Monthly : Planning and Development bulletin
_v3(3) November 1993, 7-8(2)
520 _aLooks at the management of sea space, changes which have occured in the study of oceans, and the role surveyors can play in future demands.
650 _aEEZS
650 _aMARINE TECHNOLOGY
650 _aMARITIME BOUNDARIES
650 _aMENTOR
650 _aOCEAN MANAGEMENT
650 _aOCEAN MEASUREMENT
690 _aMARINE RESOURCES
942 _n0
948 _c04/03/1997
999 _c45652
_d45652